01140nam a2200181Ia 4500008004100000020001800041050002100059100004000080245005900120250001800179260003300197300003600230490003100266500002700297500008400324505053300408650001700941120625s2007 mx 001 0 sp d a9789702410201 4aHF5625bM67 2007 aMoreno Fernandez, Joaquin A.eautor10aContabilidad básicac / Joaquín Moreno Fernández a3a. edición aMéxicob : Patriac , 2007 axix, 314 páginas c ; 23 cm. 0 aContabilidad Financiera 1  a4a. reimpresión 2010 aEn portada: "Edición actualizada con las Normas de Información Financiera" 0 aLa contabilidad, la entidad y la información financiera Las cuentas Las cuentas de una entidad comercial Las normas de Información Financiera La partida doble y los asientos de diario Registro de las operaciones Sistemas de tratamiento contable a operaciones de compraventa de mercancías Métodos de valuación de inventarios Procedimientos de ajuste Procedimientos de cierre y obtención de estados financieros Práctica. Registro de operaciones y obtención de estados financieros de una entidad comercial 14aCONTABILIDAD